| 000 | 00590nam a22001937a 4500 | ||
|---|---|---|---|
| 003 | OSt | ||
| 005 | 20241203121251.0 | ||
| 008 | 241203b |||||||| |||| 00| 0 eng d | ||
| 020 | _a9782090331745 | ||
| 040 |
_aMMARA-U _beng _cMMARA-U _dMMARA-U |
||
| 050 | _aG 583 .C673 2004 | ||
| 100 |
_aCorbeau Sophie, _92280 |
||
| 245 |
_aTourisme. com / _cSophie Corbeau, Chantal Dubois, Jean-Luc Penfornis, |
||
| 260 |
_aParis : _bCLE International, _c2004. |
||
| 300 |
_a127 pages ; _bIllustrations, |
||
| 700 |
_aDubois Chantal _92281 |
||
| 700 |
_aPenfornis Jean-Luc _92279 |
||
| 942 |
_2lcc _cLOAN LOAN |
||
| 999 |
_c33258 _d33255 |
||